Tunnista suomalainen julkkis nuorena - Statistics

Yleistilastot
  • Tätä visaa on pelattu 146 kertaa
  • Keskiarvotulos 7 / 20
Vastaustilastot
Kuvavisa Vastaus % Oikein
Abreu
70%
Katri Helena
64%
Pekka Haavisto
62%
Kimi Räikkönen
61%
Elastinen
60%
Jorma Uotinen
60%
Li Andersson
59%
Arman Alizad
57%
Krista Kosonen
50%
Jussi Halla-aho
33%
Mirella Roininen
33%
Jaakko Parkkali
20%
Anna-Maja Henriksson
19%
Esko Eerikäinen
15%
Alexander Stubb
14%
Saara Aalto
12%
Shirly Karvinen
10%
Satu Silvo
9%
Sara Sieppi
7%
Petteri Orpo
6%
Ehtoja vastaavia visoja ei löytynyt
Tulosjakauma
Jokaisen tuloksen saaneiden osuus
Persentiili vastausten määrän mukaan
Tuloshistoriasi
Et ole pelannut tätä visaa